| 000 | 00581nam a22001817a 4500 | ||
|---|---|---|---|
| 008 | 170331b xxu||||| |||| 00| 0 eng d | ||
| 020 | _a-673-99990-4 | ||
| 082 |
_21997 _aDC 155.4 _bB39 |
||
| 100 |
_919692 _aBee, Helen L. _d1939- |
||
| 245 |
_aThe developing child / _cHelen Bee |
||
| 250 | _aEight Edition | ||
| 260 |
_aNew York : _bLongman, _cc1997. |
||
| 300 |
_axxviii, 561 pages : _bcolor illustrations ; _c27 cm. |
||
| 500 | _aIncludes bibliographical references and indexes. | ||
| 650 | 0 |
_919694 _aChild psychology |
|
| 650 | 0 |
_919695 _aChild development |
|
| 942 |
_2ddc _cDC |
||
| 999 |
_c6511 _d6511 |
||